000 00352nam a2200133Ia 4500
008 231129s9999||||xx |||||||||||||| ||spa||
020 _a84-7373-033-0
040 _bspa
082 _a002 E74
100 _aEscobar Hipolito
245 0 _aDe la escritura al libro
264 _aPromocion Cultural
942 _2ddc
_cBKS
999 _c8763
_d8763